| 000 | 00000nam##2200000za#4500 |
| 001 | 9.663185 |
| 003 | CaOODSP |
| 005 | 20210615120929 |
| 007 | ta |
| 008 | 150407|2001||||xxc||||| f|0| 0 eng|d |
| 020 | |a0-662-66064-1 |
| 040 | |aCaOODSP|beng |
| 041 | |aeng |
| 041 | |afre |
| 043 | |an-cn--- |
| 086 | 1 |aH114-4/2001 |
| 110 | 1 |aCanada. |bPest Management Regulatory Agency. |
| 245 | 10|aAdministrative Monetary Penalties (AMPs) |
| 260 | |aOttawa - Ontario : |bHealth Canada. |c2001. |
| 300 | |aEnglish text, 16p. ; |c22 cm. |
| 546 | |aBilingual |
| 563 | |aSoftcover |
| 590 | |a02-02|b2002-01-11 |
| 690 | 07|aEconomic sanctions|2gcpds |
| 690 | 07|aPesticides|2gcpds |
| 690 | 07|aRegulations|2gcpds |
| 776 | 0#|tLes sanctions administratives pécuniaires (SAP) |w(CaOODSP)9.639665 |
| 776 | 0#|tAdministrative monetary penalties (AMPs) |w(CaOODSP)9.695533 |
| 792 | |tLes sanctions administratives pécuniaires (SAP) |efre|w(CaOODSP)9.663186 |